MESTSKÁ KNIŽNICA GIRALTOVCE  - online katalóg 

Divertimento 1889. Dissipatio H.G (Record no. 12360)

000 -NÁVESTIE
fixed length control field 00809nam a2200253 a 4500
008 - ÚDAJE S PEVNOU DĹŽKOU – VŠEOBECNÉ INFORMÁCIE
fixed length control field 951215s1988||||[C 0 slo c
020 ## - MEDZINÁRODNÉ ŠTANDARDNÉ ČÍSLO KNIHY (ISBN)
Údaje o dostupnosti 25 Kčs.
Qualifying information (7500 výtl.)
040 ## - ZDROJ KATALOGIZÁCIE
Pôvodná katalogizujúca agentúra SNK
Jazyk katalogizácie slo
Prepisujúca agentúra SNK
Konvencie popisu AACR2
041 1# - KÓD JAZYKA
Kód jazyka textu/zvukovej stopy alebo samostatných nápisov slo
Kód jazyka originálu a/alebo sprostredkujúcich prekladov textu ita
044 ## - KÓD KRAJINY VYDAVATEĽA/PRODUCENTA
Kód krajiny MARC xo
Kód krajiny ISO SK
080 ## - ČÍSLO MEDZINÁRODNÉHO DESATINNÉHO TRIEDENIA (MDT)
Číslo Medzinárodného desatinného triedenia (MDT) 850-3(081)
100 1# - OSOBNÉ MENÁ – VŠEOBECNÉ INFORMÁCIE
Osobné meno Morselli, Guido
Kód roly aut
245 10 - NÁZOV
Názov Divertimento 1889. Dissipatio H.G
Údaj o zodpovednosti atď. Guido Morselli ; Miroslava Vallová, František Hruška, Michaela Jurovská, Igor Imro
250 ## - ÚDAJ O PORADÍ VYDANIA
Údaj o poradí vydania 1., vyd.
260 ## - VYDAVATEĽSKÉ ÚDAJE, DISTRIBÚCIA ATĎ.
Miesto publikovania, distribúcie atď. Bratislava
Názov vydavateľa, distibútora atď. Tatran
Dátum publikovania, distribúcie atď. 1988
Miesto výroby Martin
Výrobca Tlačiarne SNP
300 ## - FYZICKÝ POPIS
Rozsah 239 s., 14,55 AH
Rozmery 21 cm
490 0# - EDÍCIA
Edícia LUK
Zväzok/sekvenčné označenie Zv. 128.
500 ## - VŠEOBECNÁ POZNÁMKA
Formátovaná poznámka o obsahu Text na predsádkach.
700 1# - PRIDANÝ VSTUP – OSOBNÉ MENO
Osobné meno Vallová, Miroslava
Kód roly trl
700 1# - PRIDANÝ VSTUP – OSOBNÉ MENO
Osobné meno Hruška, František
Kód roly trl
700 1# - PRIDANÝ VSTUP – OSOBNÉ MENO
Osobné meno Jurovská, Michaela
Kód roly [ADC]
700 1# - PRIDANÝ VSTUP – OSOBNÉ MENO
Osobné meno Imro, Igor
Kód roly bkd
958 ## - Formálny deskriptor
Formálny deskriptor A
Holdings
Stav stiahnutia (Blokovanie) (Withrawn status) Stav straty Stav poškodenia (Damaged status) Nie pre výpožičky (Not for loan) Spôsob nadobudnutia (Collection code) Trvalé umiestnenie Aktuálne umiestnenie Dátum nadobudnutia Náklady, bežná kúpna cena Inventárne číslo (prírastkové číslo) Full call number Dátum posledného výskytu Cena s účinnosťou od Typ jednotky Koha
        Kúpa Mestská knižnica Giraltovce Mestská knižnica Giraltovce 2019-11-29 25.00 11650 B 5776 2019-11-29 2019-11-29 Krásna literatúra pre dospelých

Powered by Koha